00984 2200313 4500001002100000005001500021035002000036007000300056008004100059020002200100040002200122082001400144084001600158090002200174100004000196245010200236250003000338300004500368650000900413700004300422850001200465504003300477264004200510336002100552337003000573338002300603999002200626990002200648INLIS00000000088321320231120105349 a0010-1123000292ta231120s2023 yoia g ind d a978-623-185-100-0 aYOPDYOGbinderda04223a371.1 a371.1 ANT i aCB-D.11 2023-29950 aAntonius Agus Sulistyonoepengarang10aInspirasimu, semangat hidupku /cAntonius Agus Sulistyono; penyunting, Evaristus Cahya Triastarka aCetakan pertama, Mei 2023 ax, 224 halaman :btabel, gambar ;c20 cm 4aGuru0 aEvaristus Cahya Triastarkaepenyunting aYOPDYOG aBibliografi: halaman 215-21931aYogyakarta :bPustaka Egaliter,c2023 2rdacontentateks 2rdamediaatanpa perantara 2rdacarrieravolume aCB-D.11/2023-2995 aCB-D.11/2023-2995